[Event "HCL-B244"]
[Site "www.playchess.de"]
[Date "2001.03.23"]
[Round "19"]
[White "Doro"]
[Black "dakini"]
[WhiteElo "1571"]
[BlackElo "1157"]
[PlyCount "21"]
[Result "1-0"]

1.e4 {Gute Parie!}  e5 {Danke! Ich wünsche uns ein 
schönes und hoffentlich spannendes Spiel!}  2.Bc4 
Nf6 3.Nf3 Nxe4 4.Nc3 Nd6 {Das geht ja schon 
richtig verquert los hier ... :-)) Einen schönen 
Abend noch   Thomas}  5.Bb3 {Da wir gerade mal 
eine Tochter zu Hause haben, spielen wir heute 
Siedler. Kennst du das?}  b6 {Na klar! Habt ihr 
auch dieses Expeditionsspiel, ich glaube , es 
heißt "Tikal"?}  6.O-O {Ja. Aber Siedler macht 
mehr süchtig, finde ich.}  Bb7 {Das 
Siedlerkartenspiel ist auch ungeheuer packend. 
Beim Brettspiel gewinnt immer meine liebe Frau ..} 
 7.Nxe5 {Bei uns ist meist die junge 
Generation.Und was machst du im normalen Leben?}  
Bxg2 {Ich bin Zahnarzt in einer kleinen Gemeinde 
in der Nähe von Kassel und mache viel Sport ... 
und Du?}  8.Re1 {Ich unterrichte Ma/Ph in einer 
Mittelschule. Sport?? Sehe ich im Fernsehen...}  
Be7 {Spielst Du schon länger Schach?}  9.Kxg2 
{Schon über 30 Jahre, auch im Verein. 
Darüberhinaus v.a. Nachwuchsarbeit (meine 
gr.Tochter ist WIM)}  Bh4 {Habt Ihr zwei Töchter? 
Und -entschuldige mein Nichtwissen- WIM???}  
10.Nxf7+ {Internationale Meisterin. Mich hat meine 
"kleine" Tochter hier reingebracht.}  Qe7 {Wqr 
leider nicht konzentriert und abgelenkt, schade , 
es war gerade schön geworden. Resign im nächst}  
11.Rxe7+ {Ja, sorry. Aber vielleicht kannst du 
dich bei einer nächsten Partie revanchieren... 
Noch viel Erfolg}  1-0

[Event "ACL-E009"]
[Site "www.playchess.de"]
[Date "2001.03.23"]
[Round "4"]
[White "Bauernopfer"]
[Black "Deppenhaufen"]
[WhiteElo "1638"]
[BlackElo "2106"]
[PlyCount "120"]
[Result "0-1"]

1.e4 e6 {hallo. haben wir auch mal wieder die 
ehre.}  2.d4 {Was heißt wieder. Wir haben noch 
nicht gegeneinander gespielt.}  d5 {sorry, dann 
war das jemand anders mit "bauer" im namen}  3.Nc3 
{Das liegt sicherlich an meinem Bekannheitsgrad 
hier bei playchess.}  Nf6 {das wird wohl so sein. 
ne, das war bei pogo.com; da kann man ja auch 
schach spielen.}  4.e5 {.}  Nfd7 5.f4 {pogo.com 
hat ja vielleicht eine Ladezeit. Und dabei sitze 
ich hier an einer universitären Standleitu}  c5 
{also bei mir läd der mit isdn nur ca. 30 
sekunden}  6.Nf3 {Schaffe über 250kb/s. Und dort 
schon was gewonnen?}  Nc6 {ja, schon einige 
partien}  7.Be3 {Nein, ich meinte eher Preise.}  
cxd4 {bein onlineschach dort kann man so weit ich 
weiß nichts gewinnen.}  8.Nxd4 {Es steht nur 
überall: play free and win}  Bc5 {das bezieht sich 
wohl aber nicht auf schach. hab jedenfalls noch 
nix gewonnen.}  9.Bb5 {.}  Qc7 10.O-O a6 11.Bxc6 
bxc6 12.a3 O-O 13.Nce2 Rb8 14.b3 {So, letzter Zug 
heute.}  Ba7 15.c4 {.}  c5 16.Nf3 Bb7 17.Qd3 Rfd8 
18.Ng5 Nf8 19.Rab1 Qc6 20.Nf3 a5 {ist mir noch zu 
früh für ein remis}  21.Rfe1 {OK, dann werde ich 
halt gewinnen.}  a4 {damit muss ich wohl leben.}  
22.cxd5 exd5 23.bxa4 {.}  d4 {nun kommt mal ca. ne 
stunde nix von mir.}  24.Bf2 {Guten Appetit}  Qxa4 
{wünsch ich dir dann auch. hast ja sicher bald 
pause.}  25.Nd2 {Gerade eben. Und habe zum ersten 
mal Strauß gegessen.}  Ng6 {strauß hab ich noch 
nie probiert.}  26.Rec1 {Sehr zartes und mageres 
Fleisch. Wirklich gut.}  Ba6 {werd ich vielleicht 
mal antesten.}  27.Qe4 Bxe2 28.Qxe2 {:'(}  Rxb1 
29.Rxb1 Qxa3 30.g3 {.}  Nf8 31.Nc4 Qa6 32.Qc2 Bb8 
33.Rb3 Bc7 34.Ra3 Qg6 35.Qxg6 hxg6 36.Ra7 Ne6 
37.Be1 Kf8 38.h3 Rb8 39.Kf2 Rb5 40.Ke2 Bb8 41.Ra8 
Ke7 42.Ba5 Kd7 43.Bb6 Rb4 44.Kd3 Rb3+ 45.Ke2 Rc3 
46.Nd2 Kc8 47.Ba7 Kb7 48.Rxb8+ {Das war ja eben 
eine sehr ungewöhnliche Stellung.}  Kxa7 {ja, aber 
alles halb so wild}  49.Rb3 {Ja, irgendwie hätte 
ich den Läufer doch schon gern bekommen.}  Rxb3 
{den läufer hast du doch bekommen.}  50.Nxb3 {Aber 
meinen wollte ich eigentlich behalten.}  c4 {das 
wäre aber nicht gut für mich gewesen.}  51.Na5 
{Und jetzt sieht es schlecht für mich aus.}  c3 
{ja, scheint so, dass der mehrbauer doch die 
entscheidung bringt.}  52.Nb3 Kb6 53.Kd3 {.}  Nc5+ 
54.Nxc5 Kxc5 55.h4 Kb4 56.Kc2 {Immerhin, es wird 
mein bisher längstes Spiel.}  d3+ {für mich glaub 
ich auch.}  57.Kxd3 Kb3 58.e6 fxe6 59.Ke2 {.}  c2 
60.Kd2 Kb2 0-1

[Event "ACL-E009"]
[Site "www.playchess.de"]
[Date "2001.03.23"]
[Round "5"]
[White "Deppenhaufen"]
[Black "dzwonek"]
[WhiteElo "2106"]
[BlackElo "1655"]
[PlyCount "117"]
[Result "1-0"]

1.e4 c5 2.Nf3 a6 3.c3 d5 4.exd5 Qxd5 5.d4 Bg4 
6.Be2 e6 7.O-O Nf6 8.h3 Bh5 9.Be3 cxd4 10.Nxd4 Nc6 
11.Bxh5 Qxh5 12.Nxc6 Qxd1 13.Rxd1 bxc6 14.Nd2 Be7 
15.Nc4 Nd5 16.Bd4 f6 17.Rd2 O-O-O 18.Rad1 c5 
19.Be3 Nxe3 20.Nxe3 Rxd2 21.Rxd2 Rd8 22.Rxd8+ Kxd8 
23.Kf1 Kd7 24.Ke2 h5 25.Kd3 f5 26.Kc4 Bh4 27.Nd1 
Kc6 28.b4 cxb4 29.cxb4 g6 30.a4 e5 31.f3 Bg3 
32.Nb2 h4 {I missed you offer.}  33.b5+ {i will 
try it}  axb5+ 34.axb5+ Kd6 35.Nd3 Bh2 36.Nb4 Bg1 
37.Nd5 e4 38.fxe4 fxe4 39.b6 Bf2 40.b7 Ba7 41.Nb4 
Kd7 42.Na6 Kd6 43.Nb4 Kd7 44.Kc3 Kd6 45.Kd2 Kc7 
46.b8Q+ {%}  Bxb8 47.Na6+ Kc8 48.Nxb8 Kxb8 49.Ke3 
Kc7 50.Kxe4 Kd6 51.Kf4 Ke6 52.Kg5 Kf7 53.Kxh4 Kf6 
54.g4 Kf7 55.Kg5 Kg7 56.h4 Kh7 57.Kf6 Kh6 58.g5+ 
Kh5 59.Kf7 1-0

[Event "HCL-B226"]
[Site "www.playchess.de"]
[Date "2001.03.23"]
[Round "4"]
[White "Translightor"]
[Black "ragadous"]
[WhiteElo "1488"]
[BlackElo "1559"]
[PlyCount "43"]
[Result "1-0"]

1.e4 {Hello & Good Luck!}  c5 2.Nf3 d6 3.d4 cxd4 
4.Nxd4 Nf6 5.Nc3 a6 6.Bg5 e6 7.f4 Qb6 8.Qd2 Qxb2 
9.Rb1 Qa3 10.f5 Nc6 11.fxe6 fxe6 12.Nxc6 bxc6 
13.e5 dxe5 14.Bxf6 gxf6 15.Ne4 Qxa2 16.Rd1 Be7 
17.Nd6+ Bxd6 18.Qxd6 Qa5+ 19.Rd2 Ra7 20.Bc4 Kf7 
21.O-O Qc5+ 22.Qxc5 {???}  1-0

[Event "HCL-C249"]
[Site "www.playchess.de"]
[Date "2001.03.23"]
[Round "15"]
[White "MEATHEAD"]
[Black "TuffGong"]
[WhiteElo "1043"]
[BlackElo "1082"]
[PlyCount "24"]
[Result "0-1"]

1.e4 e5 2.Nf3 Nc6 3.Bc4 Na5 4.Bd3 d5 5.Nxe5 Qg5 
6.Nxf7 Qxg2 7.Ne5 Qxh1+ 8.Ke2 Qxh2 9.exd5 Qxe5+ 
10.Kf3 Qxd5+ 11.Be4 Qh5+ 12.Ke3 
Qxd1 0-1

[Event "HCL-A034"]
[Site "www.playchess.de"]
[Date "2001.03.23"]
[Round "1"]
[White "Brrrr"]
[Black "ming"]
[WhiteElo "1616"]
[BlackElo "1400"]
[PlyCount "71"]
[Result "1-0"]

1.d4 e6 2.c4 d5 3.Nc3 Bb4 4.a3 Bxc3+ 5.bxc3 dxc4 
6.Qa4+ c6 7.Qxc4 Qd5 8.Qd3 Nf6 9.Nf3 b6 10.c4 Qf5 
11.Qxf5 exf5 12.Bf4 Nbd7 13.e3 O-O 14.Bd3 g6 
15.O-O Bb7 16.a4 a5 17.Rab1 Rfe8 18.Rfd1 Ne4 
19.Rdc1 c5 20.d5 f6 21.Bc7 Ra6 22.h4 h6 23.Rb3 Rc8 
24.Bh2 g5 25.Ne1 gxh4 26.Nf3 h3 27.gxh3 Raa8 
28.Nh4 Kh7 29.Rb2 Rcg8+ 30.Kf1 Rg5 31.Nxf5 Rxf5 
32.Bxe4 Kg6 33.Bxf5+ Kxf5 34.f3 Ba6 35.Rg2 Ne5 
36.e4+ 1-0

[Event "HCL-A034"]
[Site "www.playchess.de"]
[Date "2001.03.23"]
[Round "2"]
[White "dottore"]
[Black "Brrrr"]
[WhiteElo "1700"]
[BlackElo "1616"]
[PlyCount "68"]
[Result "0-1"]

1.c3 c5 2.d4 e6 3.e4 cxd4 4.Qxd4 Nc6 5.Qa4 Nf6 
6.Be2 Bc5 7.Nh3 d5 8.e5 Ne4 9.Bf3 Bd7 10.Bxe4 Nxe5 
11.Qc2 dxe4 12.Qxe4 Bd6 13.O-O Bc6 14.Qe2 O-O 
15.b3 Nf3+ 16.gxf3 Qh4 17.Nf4 Bxf4 18.Bxf4 Qxf4 
19.Nd2 Rfd8 20.Ne4 f5 21.Ng3 Rd6 22.Kg2 Rad8 
23.Rae1 e5 24.Qe3 Rh6 25.h4 Qg4 26.Qe2 f4 27.Red1 
Rxd1 28.Qxd1 Kf7 29.Qd3 fxg3 30.fxg3 Rxh4 31.Rg1 
Rh6 32.a3 Rd6 33.Kf2 Rxd3 34.fxg4 
Rxc3 0-1

[Event "HCL-A034"]
[Site "www.playchess.de"]
[Date "2001.03.23"]
[Round "7"]
[White "Peco"]
[Black "Brrrr"]
[WhiteElo "2302"]
[BlackElo "1616"]
[PlyCount "67"]
[Result "1-0"]

1.d4 Nf6 2.c4 g6 3.Nc3 Bg7 4.e4 d6 5.Nf3 O-O 6.Be2 
e5 7.O-O Nc6 8.d5 Ne7 9.Re1 a5 10.Bd3 Ne8 11.Bc2 
f5 12.h3 Nf6 13.exf5 Nxf5 14.g4 Ne7 15.Ng5 h6 
16.Nge4 Nxe4 17.Bxe4 Bd7 18.Be3 a4 19.Bg2 a3 20.b4 
Qe8 21.Ne4 h5 22.gxh5 gxh5 23.Bg5 Nf5 24.Bf3 Nd4 
25.Bxh5 Qc8 26.Re3 Bxh3 27.Rg3 Bf5 28.Nf6+ Kh8 
29.Bf7 Bh7 30.Nxh7 Rxf7 31.Nf6 Rxf6 32.Bxf6 Nf5 
33.Qg4 Kg8 34.Rg2 1-0

[Event "HCL-A034"]
[Site "www.playchess.de"]
[Date "2001.03.23"]
[Round "8"]
[White "ming"]
[Black "Peco"]
[WhiteElo "1400"]
[BlackElo "2302"]
[PlyCount "58"]
[Result "0-1"]

1.e4 e5 2.d4 exd4 3.Qxd4 Nc6 4.Qd5 Nf6 5.Bg5 Nxd5 
6.Bxd8 Ndb4 7.Bd3 Nd4 8.Kd2 Kxd8 9.c3 Nxd3 10.Kxd3 
Ne6 11.Nf3 Nf4+ 12.Kc2 Nxg2 13.Ne5 Ke7 14.Rg1 Nf4 
15.Kd2 g6 16.Ke3 Bh6 17.Kf3 d6 18.Ng4 Nh3 19.Rg3 
Bc1 20.Rxh3 Bxb2 21.Rg3 Bxa1 22.Kf4 Be6 23.a3 Rhf8 
24.Ne3 f5 25.e5 dxe5+ 26.Kxe5 f4 27.Nd5+ Bxd5 
28.Rg5 Rad8 29.Rg1 Bf3 0-1

[Event "HCL-A034"]
[Site "www.playchess.de"]
[Date "2001.03.23"]
[Round "9"]
[White "Peco"]
[Black "dottore"]
[WhiteElo "2302"]
[BlackElo "1700"]
[PlyCount "60"]
[Result "0-1"]

1.d4 Nf6 2.c4 e6 3.Nf3 b6 4.a3 Ba6 5.Qc2 Bb7 6.Nc3 
c5 7.e4 cxd4 8.Nxd4 Nc6 9.Nxc6 Bxc6 10.Bf4 Nh5 
11.Be3 Qb8 12.O-O-O Bd6 13.g3 Be5 14.Bd3 Qb7 
15.Rhe1 Rc8 16.Be2 Nf6 17.f3 O-O 18.Bf4 Bxf4+ 
19.gxf4 Nh5 20.Qd2 Qb8 21.e5 f6 22.Qe3 fxe5 
23.fxe5 Nf4 24.Bf1 Rf5 25.Rd6 Ng6 26.Qd4 Rcf8 
27.Bd3 R5xf3 28.Bxg6 hxg6 29.Qg4 Qe8 30.Rd4 
Qf7 0-1

[Event "HCL-A034"]
[Site "www.playchess.de"]
[Date "2001.03.23"]
[Round "10"]
[White "maze"]
[Black "Peco"]
[WhiteElo "1915"]
[BlackElo "2302"]
[PlyCount "67"]
[Result "1-0"]

1.e4 c5 2.Nf3 d6 3.d4 cxd4 4.Nxd4 Nf6 5.Nc3 a6 
6.Bg5 e6 7.f4 Be7 8.Qf3 h6 9.Bh4 Qc7 10.O-O-O Nxe4 
11.Qxe4 Bxh4 12.Nf5 Be7 13.Nxg7+ Kf8 14.Nh5 Nc6 
15.Qf3 d5 16.f5 Bg5+ 17.Kb1 d4 18.h4 Be3 19.fxe6 
Bxe6 20.Nd5 Bxd5 21.Qxd5 Rd8 22.Qb3 Ne5 23.Rh3 Ng4 
24.Bc4 Rd7 25.Rf1 Ne5 26.Be2 Rd6 27.Nf6 Qa5 28.c3 
Qc7 29.Nd5 Qc6 30.Nxe3 Qe4+ 31.Ka1 dxe3 32.c4 Nd7 
33.Rxe3 Qd4 34.Bh5 1-0

[Event "HCL-C112"]
[Site "www.playchess.de"]
[Date "2001.03.23"]
[Round "2"]
[White "Stefan"]
[Black "sonnyspock"]
[WhiteElo "1467"]
[BlackElo "1188"]
[PlyCount "69"]
[Result "1-0"]

1.e4 e6 2.d4 d5 3.Nc3 c5 4.Nf3 Nc6 5.Be2 Nf6 6.O-O 
dxe4 7.Ng5 cxd4 8.Ncxe4 h6 9.Nxf6+ Qxf6 10.Nf3 e5 
11.Re1 Bb4 12.Bd2 Bxd2 13.Qxd2 e4 14.Bb5 O-O 
15.Bxc6 Qxc6 16.Nxd4 Qd5 17.c3 Bd7 18.Qc2 f5 
19.Red1 Bc6 20.Nxc6 Qxc6 21.Rd4 Rad8 22.Rad1 Qf6 
23.Qb3+ Kh7 24.Qxb7 Rxd4 25.Rxd4 Rd8 26.Qxa7 Rxd4 
27.Qxd4 Qa6 28.a4 Qe2 29.h3 f4 30.a5 e3 31.fxe3 
fxe3 32.a6 Qf2+ 33.Kh2 Qxb2 34.a7 Qd2 
35.Qe4+ 1-0

[Event "HCL-C112"]
[Site "www.playchess.de"]
[Date "2001.03.23"]
[Round "4"]
[White "sonnyspock"]
[Black "locko"]
[WhiteElo "1188"]
[BlackElo "725"]
[PlyCount "43"]
[Result "1-0"]

1.e4 e5 2.Nf3 d6 3.d4 Nd7 4.dxe5 dxe5 5.Bc4 c6 
6.O-O b5 7.Bb3 Ba6 8.Ng5 Nh6 9.Qh5 g6 10.Qf3 f6 
11.Ne6 Qb6 12.Nxf8 Rxf8 13.Bxh6 Rf7 14.Bxf7+ Kxf7 
15.Rd1 Rd8 16.Nc3 f5 17.exf5 Nf6 18.fxg6+ Kxg6 
19.Rxd8 Qxd8 20.Rd1 Qxd1+ 21.Nxd1 e4 
22.Qf4 1-0

[Event "HCL-C112"]
[Site "www.playchess.de"]
[Date "2001.03.23"]
[Round "6"]
[White "Stefan"]
[Black "locko"]
[WhiteElo "1467"]
[BlackElo "725"]
[PlyCount "45"]
[Result "1-0"]

1.e4 e5 2.Nf3 d6 3.Bc4 Nf6 4.Nc3 a6 5.Ng5 Be6 
6.Nxe6 fxe6 7.Bxe6 Qe7 8.Nd5 Qxe6 9.Nxc7+ Ke7 
10.Nxe6 Kxe6 11.d3 h6 12.O-O h5 13.Qf3 Nbd7 14.Bd2 
g6 15.Rfd1 Rc8 16.Bc3 h4 17.d4 g5 18.Qf5+ Ke7 
19.dxe5 Ne8 20.exd6+ Kd8 21.Bxh8 Bg7 22.Qe6 Bxh8 
23.Qe7+ 1-0

[Event "HCL-C112"]
[Site "www.playchess.de"]
[Date "2001.03.23"]
[Round "11"]
[White "sonnyspock"]
[Black "waxneedles"]
[WhiteElo "1188"]
[BlackElo "800"]
[PlyCount "37"]
[Result "1-0"]

1.e4 e5 2.Nf3 Nf6 3.d4 Nxe4 4.Bd3 Nd6 5.dxe5 Qe7 
6.O-O Nc6 7.exd6 Qxd6 8.Re1+ Be7 9.b3 O-O 10.Bb2 
Bf6 11.Ba3 Nb4 12.c3 Qxd3 13.Bxb4 Qxd1 14.Rxd1 d6 
15.a4 Be6 16.Nbd2 a5 17.Ba3 Bxc3 18.Rac1 Bxd2 
19.Rxd2 1-0

[Event "HCL-C112"]
[Site "www.playchess.de"]
[Date "2001.03.23"]
[Round "13"]
[White "Stefan"]
[Black "waxneedles"]
[WhiteElo "1467"]
[BlackElo "800"]
[PlyCount "27"]
[Result "1-0"]

1.e4 c5 2.d4 Nf6 3.e5 Ng4 4.Qxg4 d6 5.Qf4 dxe5 
6.dxe5 h6 7.Bc4 Be6 8.Nf3 g5 9.Qe4 Nc6 10.Bxe6 
fxe6 11.O-O Rg8 12.Nc3 Nd4 13.Nxd4 Qxd4 
14.Qxd4 1-0

[Event "HCL-C112"]
[Site "www.playchess.de"]
[Date "2001.03.23"]
[Round "15"]
[White "Pietros"]
[Black "waxneedles"]
[WhiteElo "1377"]
[BlackElo "800"]
[PlyCount "45"]
[Result "1-0"]

1.e4 c6 2.d4 d5 3.e5 Bf5 4.Bd3 e6 5.Nf3 Qa5+ 6.Bd2 
Bb4 7.Bxf5 Bxd2+ 8.Nbxd2 exf5 9.O-O Nh6 10.Ng5 O-O 
11.Nb3 Qd8 12.Qd2 f6 13.Ne6 Qe8 14.Nc7 Qh5 15.Nxa8 
Ng4 16.h3 Nh6 17.Nc7 fxe5 18.dxe5 g5 19.e6 g4 
20.e7 Rc8 21.e8Q+ Rxe8 22.Nxe8 gxh3 
23.Nf6+ 1-0

[Event "HCL-C112"]
[Site "www.playchess.de"]
[Date "2001.03.23"]
[Round "16"]
[White "Danne"]
[Black "sonnyspock"]
[WhiteElo "1158"]
[BlackElo "1188"]
[PlyCount "62"]
[Result "0-1"]

1.e4 e6 2.d4 d5 3.e5 c5 4.Nf3 cxd4 5.Nxd4 Qb6 6.g3 
Bc5 7.c3 Nc6 8.Be3 Nxe5 9.b4 Bxd4 10.Bxd4 Qc7 
11.Qe2 f6 12.Bg2 Ne7 13.O-O Nc4 14.Nd2 Nxd2 
15.Qxd2 Nf5 16.Rae1 O-O 17.Bh3 Nxd4 18.Qxd4 Re8 
19.Bg2 Bd7 20.a3 Bb5 21.Bxd5 Bxf1 22.Kxf1 exd5 
23.Qxd5+ Kh8 24.Rc1 Rad8 25.Qf5 Qc4+ 26.Kg1 Qe2 
27.a4 Rd2 28.a5 Rd1+ 29.Rxd1 Qxd1+ 30.Kg2 Qe2 
31.Qf4 Qe4+ 0-1

[Event "HCL-C112"]
[Site "www.playchess.de"]
[Date "2001.03.23"]
[Round "18"]
[White "Danne"]
[Black "Stefan"]
[WhiteElo "1158"]
[BlackElo "1467"]
[PlyCount "62"]
[Result "0-1"]

1.e4 d6 2.Nf3 Nf6 3.Nc3 g6 4.d4 Bg7 5.Bd3 O-O 
6.O-O Nbd7 7.h3 e5 8.d5 Nc5 9.Be3 Nxd3 10.Qxd3 Re8 
11.Bg5 Qd7 12.Qb5 c6 13.Qd3 cxd5 14.Nxd5 Nxd5 
15.Qxd5 Qc7 16.c4 Be6 17.Qd2 Qxc4 18.Rfc1 Qxe4 
19.Rce1 Qd5 20.Qxd5 Bxd5 21.Red1 Bxf3 22.gxf3 f6 
23.Be3 Re6 24.Rdc1 d5 25.Rc7 d4 26.Bd2 Rb8 27.Rac1 
Rc6 28.R1xc6 bxc6 29.b3 Rb6 30.b4 a6 31.a3 
Bf8 0-1

[Event "HCL-C112"]
[Site "www.playchess.de"]
[Date "2001.03.23"]
[Round "19"]
[White "locko"]
[Black "Danne"]
[WhiteElo "725"]
[BlackElo "1158"]
[PlyCount "55"]
[Result "1-0"]

1.g3 e5 2.Nf3 e4 3.Nd4 c5 4.Nf5 d6 5.e3 Bxf5 6.g4 
Be6 7.c4 Qg5 8.Qa4+ Nc6 9.Nc3 Qxg4 10.Nb5 Kd7 
11.b3 Nf6 12.Bb2 Qf3 13.Bg2 Qf5 14.O-O-O Qxf2 
15.Rdg1 a6 16.Na3 Be7 17.Nc2 Rhb8 18.Bc3 b5 19.Qa3 
b4 20.Qa4 bxc3 21.dxc3 Kc7 22.b4 cxb4 23.Nxb4 
Qxe3+ 24.Kc2 Qe2+ 25.Kb3 Bxc4+ 26.Ka3 Qxa2+ 
27.Nxa2 d5+ 28.Nb4 1-0

[Event "HCL-C112"]
[Site "www.playchess.de"]
[Date "2001.03.23"]
[Round "21"]
[White "waxneedles"]
[Black "Danne"]
[WhiteElo "800"]
[BlackElo "1158"]
[PlyCount "26"]
[Result "0-1"]

1.e4 e5 2.Nf3 d6 3.Nc3 Bg4 4.d4 exd4 5.Qxd4 Bxf3 
6.gxf3 Nc6 7.Bb5 Nge7 8.Nd5 Qd7 9.Bf4 Nxd4 
10.Bxd7+ Kxd7 11.O-O-O Nxd5 12.exd5 Nxf3 13.Rd3 
Ne5 0-1

[Event "HCL-C112"]
[Site "www.playchess.de"]
[Date "2001.03.23"]
[Round "25"]
[White "Fleischer"]
[Black "locko"]
[WhiteElo "1000"]
[BlackElo "725"]
[PlyCount "35"]
[Result "1-0"]

1.e4 e5 2.f4 exf4 3.Nf3 Nf6 4.e5 Nd5 5.c4 Nb6 6.d4 
g5 7.c5 Nd5 8.Bc4 Ne3 9.Bxe3 fxe3 10.Qb3 g4 
11.Bxf7+ Ke7 12.Bh5 Qe8 13.Bxe8 Kxe8 14.Ng5 h6 
15.Qf7+ Kd8 16.Qf6+ Be7 17.Qxh8+ Bf8 
18.Qxf8+ 1-0

[Event "HCL-C112"]
[Site "www.playchess.de"]
[Date "2001.03.23"]
[Round "27"]
[White "Fleischer"]
[Black "waxneedles"]
[WhiteElo "1000"]
[BlackElo "800"]
[PlyCount "49"]
[Result "1-0"]

1.e4 e5 2.Nf3 Nc6 3.Bb5 a6 4.Ba4 Nf6 5.O-O Be7 
6.Re1 O-O 7.Bxc6 dxc6 8.Nxe5 Bd6 9.Nf3 Bg4 10.e5 
Bxe5 11.Rxe5 Qd6 12.Re3 Nd5 13.Rb3 b5 14.d4 Qg6 
15.Nbd2 Nf4 16.Qf1 Qxc2 17.Rc3 Qg6 18.Ne5 Qf5 
19.f3 Bh5 20.Ne4 f6 21.Nxc6 Rae8 22.Ng3 Qg5 
23.Bxf4 Qg6 24.Rc5 f5 25.Ne5 1-0

[Event "HCL-C112"]
[Site "www.playchess.de"]
[Date "2001.03.23"]
[Round "28"]
[White "Danne"]
[Black "Fleischer"]
[WhiteElo "1158"]
[BlackElo "1000"]
[PlyCount "59"]
[Result "1/2-1/2"]

1.e4 e5 2.Nf3 Nc6 3.Bb5 Nf6 4.Nc3 Nd4 5.Nxd4 exd4 
6.Ne2 Nxe4 7.Nxd4 Bc5 8.c3 Bxd4 9.cxd4 Qh4 10.Qe2 
O-O 11.O-O Nd6 12.Bc4 Re8 13.Qd3 Nxc4 14.Qxc4 c6 
15.b3 d5 16.Qd3 Bg4 17.Qg3 Qxg3 18.fxg3 Re2 19.Rf2 
Re1+ 20.Rf1 Rae8 21.Bb2 Rxa1 22.Bxa1 Kf8 23.h3 Bh5 
24.g4 Bg6 25.Kf2 f6 26.Kg3 h6 27.h4 Re2 28.Rf2 
Rxf2 29.Kxf2 a5 30.Bc3 1/2-1/2

[Event "HCL-C112"]
[Site "www.playchess.de"]
[Date "2001.03.23"]
[Round "31"]
[White "Michael_Schenk"]
[Black "Stefan"]
[WhiteElo "1101"]
[BlackElo "1467"]
[PlyCount "52"]
[Result "0-1"]

1.e4 d6 2.d4 Nf6 3.Nc3 g6 4.Nf3 Bg7 5.Be2 O-O 
6.O-O Nbd7 7.Be3 e5 8.d5 c6 9.dxc6 bxc6 10.Qxd6 
Bb7 11.Rad1 Re8 12.Bc4 Bf8 13.Qd2 Qc7 14.Bg5 Rad8 
15.Qd6 Bxd6 16.Rd3 Be7 17.Rfd1 Nh5 18.Be3 Nc5 
19.R3xd8 Rxd8 20.Rxd8+ Qxd8 21.Nxe5 Ne6 22.Bxa7 
Qa5 23.Bb8 Nf6 24.f3 Bb4 25.Ng4 Nxg4 26.fxg4 
Qc5+ 0-1

[Event "HCL-C112"]
[Site "www.playchess.de"]
[Date "2001.03.23"]
[Round "34"]
[White "waxneedles"]
[Black "Michael_Schenk"]
[WhiteElo "800"]
[BlackElo "1101"]
[PlyCount "35"]
[Result "1/2-1/2"]

1.c4 c5 2.Nc3 Nc6 3.g3 g6 4.Bg2 Bg7 5.Nf3 Nf6 6.d4 
cxd4 7.Nxd4 O-O 8.O-O a6 9.Nxc6 bxc6 10.b4 d5 
11.cxd5 cxd5 12.Rb1 Bb7 13.b5 Ne4 14.Nxe4 dxe4 
15.bxa6 Bxa6 16.Bxe4 Qxd1 17.Rxd1 Bxe2 
18.Re1 1/2-1/2

[Event "HCL-C112"]
[Site "www.playchess.de"]
[Date "2001.03.23"]
[Round "35"]
[White "Michael_Schenk"]
[Black "Danne"]
[WhiteElo "1101"]
[BlackElo "1158"]
[PlyCount "35"]
[Result "1-0"]

1.e4 e5 2.Nf3 Nc6 3.Bc4 h6 4.O-O Nf6 5.Nc3 d6 6.d4 
Bg4 7.dxe5 Nxe5 8.Be2 Be7 9.h3 Bh5 10.a4 O-O 11.b4 
d5 12.Nxe5 Bxe2 13.Qxe2 Bxb4 14.Nxd5 Nxd5 15.exd5 
Re8 16.Bb2 f6 17.Qb5 Bd6 18.Nc4 1-0

[Event "HCL-C112"]
[Site "www.playchess.de"]
[Date "2001.03.23"]
[Round "36"]
[White "Fleischer"]
[Black "Michael_Schenk"]
[WhiteElo "1000"]
[BlackElo "1101"]
[PlyCount "59"]
[Result "1-0"]

1.e4 e5 2.f4 d5 3.exd5 e4 4.d3 Nf6 5.dxe4 Nxe4 
6.Nf3 Bc5 7.Qe2 Bf5 8.Nc3 Qe7 9.Be3 O-O 10.Bxc5 
Qxc5 11.Nxe4 Qxd5 12.Nc3 Qe6 13.Qxe6 fxe6 14.Nd4 
Nc6 15.Nxc6 bxc6 16.O-O-O Bg4 17.Rd4 Rad8 18.Ra4 
Rd7 19.h3 Bf5 20.Bc4 Rd6 21.g4 Bg6 22.Rd1 Bf7 
23.Rxa7 Rxd1+ 24.Kxd1 e5 25.Bxf7+ Rxf7 26.fxe5 Re7 
27.Ra5 Kf7 28.a4 g6 29.Rc5 Re6 
30.a5 1-0

[Event "HCL-A037"]
[Site "www.playchess.de"]
[Date "2001.03.24"]
[Round "6"]
[White "P1902"]
[Black "archeo"]
[WhiteElo "1700"]
[BlackElo "2127"]
[PlyCount "63"]
[Result "1-0"]

1.d4 Nf6 2.c4 g6 3.Nc3 Bg7 4.e4 c5 5.d5 d6 6.Be2 
O-O 7.h3 e6 8.dxe6 Bxe6 9.Bf4 Ne8 10.Nf3 Nc6 
11.O-O Nd4 12.Nxd4 cxd4 13.Nd5 f5 14.exf5 gxf5 
15.Bf3 Nc7 16.Bg5 Qb8 17.Be7 Nxd5 18.Bxf8 Ne3 
19.fxe3 Qxf8 20.exd4 Bxc4 21.Rf2 Qe7 22.b3 Bf7 
23.Re2 Qh4 24.Rc1 Bxd4+ 25.Kh1 Be5 26.Bxb7 Rf8 
27.Bd5 Qg3 28.Bxf7+ Rxf7 29.Rc8+ Kg7 30.Qg1 a6 
31.Re3 Qf4 32.Rc4 1-0

[Event "HCL-A058"]
[Site "www.playchess.de"]
[Date "2001.03.24"]
[Round "3"]
[White "aldi"]
[Black "klypp"]
[WhiteElo "2231"]
[BlackElo "2109"]
[PlyCount "110"]
[Result "1/2-1/2"]

1.g4 d5 2.Bg2 c6 3.e3 e5 4.d4 Nf6 5.g5 Ne4 6.h4 h6 
7.Ne2 hxg5 8.f3 Nd6 9.dxe5 Nf5 10.e4 Nxh4 11.Kf1 
{nice to be back}  Rh6 {At last! It's been two 
long months...}  12.exd5 Nxg2 13.Rxh6 {by the way 
whats the weather like rain and winds here}  gxh6 
{snowing}  14.Kxg2 Qxd5 15.Qxd5 cxd5 16.Nbc3 Be6 
17.f4 gxf4 18.Nxf4 Nd7 19.Ncxd5 {i dont like my 
king out in the open like that}  Rc8 {well, at 
least there won't be a smothered mate...}  20.c3 
Nxe5 21.Be3 Nc4 22.Bxa7 Nxb2 23.Rb1 Ba3 24.Bd4 Rc6 
25.Nxe6 fxe6 26.Nf6+ Ke7 27.Ng8+ Kd7 28.Nxh6 e5 
29.Ng4 exd4 30.Ne5+ Kd6 31.Nxc6 bxc6 32.cxd4 Kd5 
33.Rh1 Kxd4 34.Rh4+ Kc3 35.Kf3 Kd3 36.Rh3 Nc4 
37.Kf2+ Kc2 38.Ke2 c5 39.Rh4 Nb2 40.Rh3 Bb4 41.Rh6 
Kb1 42.Ra6 c4 43.a3 Bc3 44.a4 Kc2 45.a5 Na4 46.Rc6 
Kb3 47.a6 {back again}  Bd4 48.Rc7 Nc3+ 49.Kd2 Nb5 
50.Rc8 Bb6 51.Rc6 Ba5+ 52.Kd1 Kb4 53.Rf6 c3 54.Kc2 
Nd4+ 55.Kc1 Bd8 1/2-1/2

[Event "HCL-C095"]
[Site "www.playchess.de"]
[Date "2001.03.24"]
[Round "1"]
[White "Fiver"]
[Black "SpiderP"]
[WhiteElo "1000"]
[BlackElo "1000"]
[PlyCount "111"]
[Result "1-0"]

1.e4 e5 2.Nf3 Nc6 3.Bc4 Bc5 4.O-O Nf6 5.d3 d6 
6.Nc3 O-O 7.Nd5 Nxd5 8.Bxd5 Nd4 9.Ng5 Be6 10.Qh5 
h6 11.Nxe6 fxe6 12.Bxb7 Rb8 13.Ba6 Qf6 14.Be3 Nxc2 
15.Bxc5 dxc5 16.Rab1 Na3 17.f3 Nxb1 18.Rxb1 Rfd8 
19.b3 c4 20.Bxc4 Rb6 21.Qg4 g6 22.Qg3 g5 23.Qf2 
Rdd6 24.Qc5 Qf4 25.Qxc7 Qe3+ 26.Kh1 Rbc6 27.Qa5 
Rxd3 28.Re1 Qd2 29.Qxd2 Rxd2 30.a4 Rcd6 31.h3 Rf2 
32.a5 Rdd2 33.Rg1 Kf7 34.b4 Rd4 35.Rc1 Rfd2 36.b5 
R2d1+ 37.Rxd1 Rxd1+ 38.Kh2 h5 39.Kg3 Kg6 40.Kf2 
Rd2+ 41.Be2 Rb2 42.Ke3 Rb3+ 43.Bd3 h4 44.Ke2 Rb2+ 
45.Kf1 Rb3 46.Bc4 Rb2 47.b6 a6 48.Bxa6 Rb1+ 49.Kf2 
Rb2+ 50.Kf1 Rb1+ 51.Kf2 Rb2+ 52.Kg1 Rb1+ 53.Kh2 
Rb2 54.b7 Kh5 55.Bb5 Rxb5 56.a6 1-0

[Event "HCL-C124"]
[Site "www.playchess.de"]
[Date "2001.03.24"]
[Round "14"]
[White "chipc"]
[Black "Extasis"]
[WhiteElo "667"]
[BlackElo "1000"]
[PlyCount "53"]
[Result "1-0"]

1.e4 c6 2.Nf3 e6 3.Nc3 Nf6 4.Bc4 Ng4 5.d3 Qb6 
6.O-O Bc5 7.Qe1 h5 8.Na4 Qc7 9.Nxc5 Qb6 10.d4 a5 
11.Na4 Qd8 12.Bg5 f6 13.Bh4 d5 14.Bd3 Nd7 15.e5 b5 
16.Nc5 Nxc5 17.dxc5 a4 18.a3 Qc7 19.Bg6+ Kd8 20.h3 
Nh6 21.exf6 gxf6 22.Bxf6+ Kd7 23.Bxh8 Ba6 24.Ne5+ 
Kc8 25.b4 Kb7 26.Bf6 Rg8 27.Bg5 1-0